Vocabulary of Gilbert Island words, (Record no. 43345)

MARC details
000 -LEADER
fixed length control field 01026cpmaa2200265 4500
001 - CONTROL NUMBER
control field mm 82003821
003 - CONTROL NUMBER IDENTIFIER
control field DLC
005 - DATE AND TIME OF LATEST TRANSACTION
control field 20260227111711.0
008 - FIXED-LENGTH DATA ELEMENTS--GENERAL INFORMATION
fixed length control field 821220|||||||||||| eng
010 ## - LIBRARY OF CONGRESS CONTROL NUMBER
LC control number mm 82003821
040 ## - CATALOGING SOURCE
Original cataloging agency DLC
Transcribing agency DLC
072 #7 - SUBJECT CATEGORY CODE
Subject category code L
Source lcmd
100 1# - MAIN ENTRY--PERSONAL NAME
Personal name Bingham, Hiram,
Dates associated with a name 1831-1908.
245 00 - TITLE STATEMENT
Title Vocabulary of Gilbert Island words,
Inclusive dates undated.
300 ## - PHYSICAL DESCRIPTION
Extent 1
Type of unit item.
506 0# - RESTRICTIONS ON ACCESS NOTE
Terms governing access Open to research.
520 8# - SUMMARY, ETC.
Summary, etc. Vocabulary in English with equivalent words written in the native dialect used in the Gilbert Islands (later Kiribati), compiled by Bingham.
545 0# - BIOGRAPHICAL OR HISTORICAL DATA
Biographical or historical data Missionary.
546 ## - LANGUAGE NOTE
Language note Collection material in English and the native dialect of Kiribati.
580 ## - LINKING ENTRY COMPLEXITY NOTE
Linking entry complexity note Forms part of: Miscellaneous Manuscripts collection.
651 #0 - SUBJECT ADDED ENTRY--GEOGRAPHIC NAME
Geographic name Kiribati.
650 #0 - SUBJECT ADDED ENTRY--TOPICAL TERM
Topical term or geographic name entry element Language and languages.

No items available.

Powered by Koha